[Event "Vienna Chess Open 2015 Group A"]
[Site "Grosser Festsaal im Wiener Rathaus, 1010 Wien"]
[Date "2015.08.22"]
[Round "8"]
[Board "5"]
[White "Manik, Mikulas"]
[Black "Shengelia, David"]
[Result "1-0"]
[WhiteElo "2410"]
[BlackElo "2572"]
[PlyCount "117"]
[EventDate "2015.08.15"]
[EventRounds "9"]
[EventCountry "AUT"]

1.e4 c5 2.Nf3 Nc6 3.Bb5 e6 4.O-O Nge7 5.Re1 Nd4 6.Nxd4 cxd4 7.d3 a6 8.Ba4 b5 9.Bb3
Bb7 10.Qg4 Nc6 11.Nd2 Qf6 12.f4 Rc8 13.Nf3 Na5 14.f5 Nxb3 15.cxb3 h6 16.Bf4 d6 17.fxe6
Qxe6 18.Qg3 g5 19.Bd2 Bg7 20.Bb4 O-O 21.Bxd6 Rfd8 22.e5 Qg6 23.Qf2 Qxd3 24.Rad1 Qf5
25.Nxd4 Qxf2+ 26.Kxf2 Rd7 27.Nf5 Rc2+ 28.Re2 Rxe2+ 29.Kxe2 Bf8 30.g4 Be4 31.Bxf8 Rxd1
32.Nxh6+ Kxf8 33.Kxd1 Ke7 34.Kd2 Ke6 35.Ke3 Bb1 36.a3 Ba2 37.Kd4 Bxb3 38.Ng8 f5 39.gxf5+
Kxf5 40.Ne7+ Ke6 41.Nc6 Bd1 42.Nd8+ Ke7 43.Nb7 Bf3 44.Nc5 a5 45.Ne4 g4 46.Ng5 Bd1
47.Ke3 Kd7 48.Kf4 b4 49.axb4 axb4 50.Ne4 Kc6 51.e6 Kd5 52.e7 Ba4 53.Nf6+ Kc4 54.e8=Q
Bxe8 55.Nxe8 Kb3 56.Nc7 Kxb2 57.Na6 Kc3 58.Kxg4 b3 59.Nc5 1-0

[Event "Vienna Chess Open 2015 Group A"]
[Site "Grosser Festsaal im Wiener Rathaus, 1010 Wien"]
[Date "2015.08.22"]
[Round "8"]
[Board "6"]
[White "Brunello, Sabino"]
[Black "Pirrot, Dieter"]
[Result "1-0"]
[WhiteElo "2545"]
[BlackElo "2374"]
[PlyCount "103"]
[EventDate "2015.08.15"]
[EventRounds "9"]
[EventCountry "AUT"]

1.d4 Nf6 2.c4 e5 3.dxe5 Ng4 4.Nf3 Bc5 5.e3 Nc6 6.Nc3 O-O 7.Be2 Re8 8.O-O Ncxe5 9.Nxe5
Nxe5 10.Na4 Bf8 11.f4 Nc6 12.Kh1 d6 13.Nc3 g6 14.e4 Bg7 15.f5 Nd4 16.Bd3 gxf5 17.Qh5
Re5 18.Bf4 Rc5 19.b4 fxe4 20.bxc5 exd3 21.Nd5 Bf5 22.cxd6 cxd6 23.Bg5 f6 24.Bh6 Qe8
25.Rxf5 Nxf5 26.Qxf5 Qe5 27.Rf1 Qxf5 28.Ne7+ Kf7 29.Nxf5 Bxh6 30.Nxh6+ Kg6 31.Nf5
Re8 32.Nh4+ Kf7 33.Rd1 Re4 34.g3 Rxc4 35.Rxd3 Rc1+ 36.Kg2 Rc2+ 37.Kh3 Rxa2 38.Rxd6
b5 39.Rd7+ Ke6 40.Rxh7 b4 41.Rb7 a5 42.Rb5 Ra3 43.Nf5 Kd7 44.Kg4 b3 45.Rb7+ Kd8 46.Nd6
a4 47.Nb5 Kc8 48.Rb6 Ra1 49.Nc3 Ra3 50.Kf5 b2 51.Nxa4 Rxa4 52.Rxb2 1-0

[Event "Vienna Chess Open 2015 Group A"]
[Site "Grosser Festsaal im Wiener Rathaus, 1010 Wien"]
[Date "2015.08.22"]
[Round "8"]
[Board "7"]
[White "Tari, Aryan"]
[Black "Carow, Johannes"]
[Result "1/2-1/2"]
[WhiteElo "2510"]
[BlackElo "2407"]
[PlyCount "53"]
[EventDate "2015.08.15"]
[EventRounds "9"]
[EventCountry "AUT"]

1.d4 Nf6 2.c4 g6 3.Nc3 d5 4.cxd5 Nxd5 5.Bd2 Nb6 6.e3 Bg7 7.f4 O-O 8.Nf3 c5 9.dxc5
N6d7 10.Ne4 Bxb2 11.Rb1 Nf6 12.Neg5 Ba3 13.Bc4 Bxc5 14.Ne5 e6 15.Qf3 Qe7 16.O-O Nd5
17.Kh1 Nc6 18.Nxc6 bxc6 19.e4 Nb6 20.Qh3 f5 21.Bb3 fxe4 22.Bxe6+ Bxe6 23.Nxe6 Rf5
24.Qb3 Nd5 25.g4 Qxe6 26.gxf5 Qxf5 27.Qc4 1/2-1/2

[Event "Vienna Chess Open 2015 Group A"]
[Site "Grosser Festsaal im Wiener Rathaus, 1010 Wien"]
[Date "2015.08.22"]
[Round "8"]
[Board "8"]
[White "Danner, Georg"]
[Black "Kindermann, Stefan"]
[Result "1/2-1/2"]
[WhiteElo "2385"]
[BlackElo "2507"]
[PlyCount "27"]
[EventDate "2015.08.15"]
[EventRounds "9"]
[EventCountry "AUT"]

1.d4 e6 2.Nf3 f5 3.g3 Nf6 4.Bg2 Be7 5.c4 O-O 6.Nc3 Ne4 7.Qc2 Nxc3 8.Qxc3 a5 9.O-O
Bf6 10.Be3 d6 11.Rad1 Qe8 12.Bg5 Qe7 13.Bxf6 Qxf6 14.c5 1/2-1/2

[Event "Vienna Chess Open 2015 Group A"]
[Site "Grosser Festsaal im Wiener Rathaus, 1010 Wien"]
[Date "2015.08.22"]
[Round "8"]
[Board "9"]
[White "Pop, Alexandru"]
[Black "Rombaldoni, Denis"]
[Result "1-0"]
[WhiteElo "2248"]
[BlackElo "2467"]
[PlyCount "85"]
[EventDate "2015.08.15"]
[EventRounds "9"]
[EventCountry "AUT"]

1.e4 c5 2.Nf3 a6 3.c4 e6 4.d4 cxd4 5.Nxd4 Nf6 6.Nc3 Bb4 7.Qd3 d6 8.f3 Nbd7 9.a3 Nc5
10.Qc2 Bxc3+ 11.Qxc3 e5 12.Nc2 Nfxe4 13.fxe4 Qh4+ 14.Qg3 Qxe4+ 15.Ne3 Nb3 16.Be2 Be6
17.Nf5 Bxf5 18.Qxb3 Bg4 19.Qe3 Qxg2 20.Rg1 Qxe2+ 21.Qxe2 Bxe2 22.Kxe2 g6 23.Bg5 Kd7
24.Rgd1 Rac8 25.b3 Ke6 26.Rd5 f5 27.Rad1 Rc6 28.Be3 f4 29.Bf2 g5 30.Kf3 Kf5 31.Rxd6
e4+ 32.Ke2 Rxd6 33.Rxd6 e3 34.Be1 Re8 35.Rd7 b5 36.c5 g4 37.c6 f3+ 38.Kf1 Re6 39.Rd5+
Ke4 40.Rc5 Rh6 41.Bg3 Kd4 42.Rc1 e2+ 43.Ke1 1-0

[Event "Vienna Chess Open 2015 Group A"]
[Site "Grosser Festsaal im Wiener Rathaus, 1010 Wien"]
[Date "2015.08.22"]
[Round "8"]
[Board "10"]
[White "Mons, Léon"]
[Black "Maier, Christian"]
[Result "1/2-1/2"]
[WhiteElo "2464"]
[BlackElo "2382"]
[PlyCount "147"]
[EventDate "2015.08.15"]
[EventRounds "9"]
[EventCountry "AUT"]

1.e4 d6 2.d4 Nf6 3.Nc3 e5 4.Nf3 exd4 5.Nxd4 Be7 6.g3 O-O 7.Bg2 Bg4 8.Qd2 Re8 9.h3
Bd7 10.O-O Bf8 11.b3 c5 12.Nf5 d5 13.Nxd5 Nxe4 14.Bxe4 Rxe4 15.Bb2 Bxf5 16.Nf6+ Qxf6
17.Bxf6 gxf6 18.Qd5 Re5 19.Qxb7 Be4 20.Qc8 Re6 21.Rfe1 Na6 22.Qd7 Rae8 23.Rxe4 Rxe4
24.Qxa7 Nb4 25.c3 Nd3 26.Qd7 c4 27.b4 f5 28.Qxf5 Bg7 29.a3 Bxc3 30.Ra2 Bd4 31.Rd2
h6 32.Qb5 R8e5 33.Qa6 Re6 34.Qc8+ Kg7 35.Kg2 Bb6 36.h4 Rf6 37.a4 Bxf2 38.a5 h5 39.b5
Rg4 40.b6 Bxg3 41.Qxg4+ hxg4 42.Kxg3 Nc5 43.Rc2 Rf3+ 44.Kxg4 Ra3 45.Rxc4 Rxa5 46.Rb4
Nb7 47.Kf4 Kg6 48.Kg4 Re5 49.Kf4 Re7 50.Rc4 Re6 51.Rb4 Kf6 52.Rb5 Rc6 53.Rf5+ Kg7
54.Rg5+ Kf8 55.Rb5 Rc4+ 56.Kg5 Kg7 57.Rb1 Re4 58.Rb2 Re7 59.h5 Re5+ 60.Kg4 Kh6 61.Rd2
Re4+ 62.Kf3 Re7 63.Kg4 Kg7 64.Rd5 Re6 65.Rd7 Nc5 66.Rc7 Ne4 67.b7 Rb6 68.h6+ Kg6 69.h7
Nf6+ 70.Kf3 Rb3+ 71.Rc3 Rxc3+ 72.Ke2 Rb3 73.h8=Q Rxb7 74.Qh4 1/2-1/2

[Event "Vienna Chess Open 2015 Group A"]
[Site "Grosser Festsaal im Wiener Rathaus, 1010 Wien"]
[Date "2015.08.22"]
[Round "8"]
[Board "11"]
[White "Warmerdam, Max"]
[Black "Moroni, Luca"]
[Result "0-1"]
[WhiteElo "2236"]
[BlackElo "2461"]
[PlyCount "94"]
[EventDate "2015.08.15"]
[EventRounds "9"]
[EventCountry "AUT"]

1.e4 c5 2.Nf3 d6 3.d4 cxd4 4.Nxd4 Nf6 5.Nc3 a6 6.Bg5 e6 7.f4 Be7 8.Qf3 Nbd7 9.O-O-O
Qc7 10.g4 h6 11.Bxf6 Bxf6 12.h4 Qb6 13.Nb3 Be7 14.Be2 Nc5 15.g5 Bd7 16.Qg3 hxg5 17.hxg5
O-O-O 18.Rhe1 Nxb3+ 19.axb3 Qa5 20.Kb1 Kb8 21.Bg4 g6 22.Re2 Qc5 23.Red2 Bc6 24.Rd3
Rh7 25.Bh3 Rdh8 26.Bg2 Rh2 27.R3d2 R8h4 28.e5 d5 29.Ne2 Qb6 30.Nd4 Rh8 31.f5 Bd7 32.f6
Bc5 33.c3 Bxd4 34.Rxd4 Qxb3 35.Qf3 Qb6 36.Rb4 Qc5 37.Bf1 a5 38.Rbd4 Qb6 39.R4d2 Ba4
40.Qg3 Rxd2 41.Rxd2 Rh1 42.Qf4 Bb3 43.Rd4 Bc4 44.Rd1 Qb3 45.Rc1 Rxf1 46.Rxf1 Bd3+
47.Ka1 Be4 0-1

[Event "Vienna Chess Open 2015 Group A"]
[Site "Grosser Festsaal im Wiener Rathaus, 1010 Wien"]
[Date "2015.08.22"]
[Round "8"]
[Board "12"]
[White "Feuerstack, Aljoscha"]
[Black "Abdumalik, Zhansaya"]
[Result "1/2-1/2"]
[WhiteElo "2458"]
[BlackElo "2371"]
[PlyCount "118"]
[EventDate "2015.08.15"]
[EventRounds "9"]
[EventCountry "AUT"]

1.e4 e5 2.Nf3 Nc6 3.Bb5 Nf6 4.d3 Bc5 5.Bxc6 dxc6 6.Nbd2 Be6 7.O-O Bd6 8.b3 c5 9.Nc4
Nd7 10.Ng5 Bxc4 11.bxc4 h6 12.Nh3 g5 13.Rb1 b6 14.f3 Nf8 15.Bb2 Rg8 16.Nf2 h5 17.Nh1
Ne6 18.Ng3 Nf4 19.Nf5 Qd7 20.Qd2 O-O-O 21.a4 a5 22.Bc3 Rg6 23.Ne3 g4 24.fxg4 hxg4
25.g3 Nh3+ 26.Kh1 Rh8 27.Qe2 Rh5 28.Rf5 Rxf5 29.exf5 Rg5 30.Qg2 Qxa4 31.Re1 Qe8 32.Nxg4
Rxg4 33.Qxh3 Rg8 34.Qg2 Kb8 35.Qd5 Rg5 36.Bxe5 Ka7 37.Bc3 Qg8 38.Bd2 Rh5 39.Qf3 Qa8
40.Qxa8+ Kxa8 41.Kg2 Rxf5 42.Bc3 Kb7 43.Rf1 Rxf1 44.Kxf1 Kc6 45.h4 Bf8 46.Ke2 Kd6
47.Kf3 Ke6 48.g4 a4 49.Ke4 f6 50.Bb2 c6 51.c3 b5 52.cxb5 cxb5 53.d4 cxd4 54.Kxd4 f5
55.gxf5+ Kxf5 56.Kd5 a3 57.Bxa3 Bxa3 58.Kc6 Bb2 59.Kxb5 Bxc3 1/2-1/2

[Event "Vienna Chess Open 2015 Group A"]
[Site "Grosser Festsaal im Wiener Rathaus, 1010 Wien"]
[Date "2015.08.22"]
[Round "8"]
[Board "13"]
[White "Salomon, Johan"]
[Black "Gevorgyan, Irina"]
[Result "0-1"]
[WhiteElo "2439"]
[BlackElo "2206"]
[PlyCount "72"]
[EventDate "2015.08.15"]
[EventRounds "9"]
[EventCountry "AUT"]

1.d4 d5 2.c4 c6 3.Nf3 Nf6 4.e3 e6 5.b3 Bb4+ 6.Nbd2 Ne4 7.Qc2 Nd7 8.a3 Nxd2 9.Nxd2
Bd6 10.e4 e5 11.cxd5 cxd5 12.exd5 exd4 13.Qe4+ Qe7 14.Bb2 O-O 15.Qxe7 Bxe7 16.Nc4
Nb6 17.Nxb6 axb6 18.Bc4 Bd7 19.a4 Bb4+ 20.Ke2 Rfe8+ 21.Kf3 h5 22.h3 Bf5 23.Bxd4 h4
24.Be3 Be4+ 25.Ke2 Bxg2 26.Rhg1 Bxh3 27.Kf3 Bf5 28.Bxb6 Bd6 29.Bd4 g6 30.Bb5 Re4 31.Be3
h3 32.Rad1 h2 33.Rge1 Rh4 34.Bg5 h1=Q+ 35.Rxh1 Be4+ 36.Ke3 Rxh1 0-1

[Event "Vienna Chess Open 2015 Group A"]
[Site "Grosser Festsaal im Wiener Rathaus, 1010 Wien"]
[Date "2015.08.22"]
[Round "8"]
[Board "14"]
[White "Dragnev , Valentin"]
[Black "Froewis, Georg"]
[Result "1-0"]
[WhiteElo "2339"]
[BlackElo "2434"]
[PlyCount "99"]
[EventDate "2015.08.15"]
[EventRounds "9"]
[EventCountry "AUT"]

1.e4 e6 2.d4 d5 3.Nd2 Nc6 4.Ngf3 Nf6 5.e5 Nd7 6.Nb3 Be7 7.Bb5 a5 8.a4 Na7 9.Be2 c5
10.dxc5 Nc6 11.Bf4 Nxc5 12.Nxc5 Bxc5 13.O-O f6 14.Bg3 f5 15.h4 O-O 16.Bf4 b6 17.g3
Ba6 18.Bxa6 Rxa6 19.Kg2 Ra7 20.c3 h6 21.Qe2 Rd7 22.Rfd1 Qa8 23.Rd2 Rfd8 24.Rad1 Qb7
25.Kg1 Ne7 26.h5 Qc6 27.b3 Rc7 28.Rb1 Nc8 29.b4 Bf8 30.Nd4 Qe8 31.bxa5 bxa5 32.Qa6
Rxc3 33.Qxa5 Rc5 34.Qa6 Kf7 35.Rdb2 Rc7 36.Nxf5 Qc6 37.Qa5 Qc5 38.Rb5 Qa7 39.Nd4 Rdd7
40.Qd2 Qxa4 41.Qd3 Re7 42.Bxh6 Na7 43.Rb8 Kg8 44.Bg5 Rf7 45.Nxe6 Rc8 46.Rxc8 Nxc8
47.Nxf8 Rxf8 48.Qxd5+ Kh8 49.h6 g6 50.Bf6+ 1-0

[Event "Vienna Chess Open 2015 Group A"]
[Site "Grosser Festsaal im Wiener Rathaus, 1010 Wien"]
[Date "2015.08.22"]
[Round "8"]
[Board "15"]
[White "Halvax, Georg"]
[Black "Safarli, Eltaj"]
[Result "0-1"]
[WhiteElo "2331"]
[BlackElo "2644"]
[PlyCount "52"]
[EventDate "2015.08.15"]
[EventRounds "9"]
[EventCountry "AUT"]

1.d4 Nf6 2.c4 e6 3.Nf3 b6 4.g3 Ba6 5.Qc2 Be7 6.Bg2 O-O 7.O-O c6 8.e4 d5 9.e5 Ne4 10.b3
Nd7 11.Nc3 Nxc3 12.Qxc3 b5 13.Nd2 bxc4 14.bxc4 Nb6 15.c5 Bxf1 16.Bxf1 Nd7 17.Nb3 f6
18.f4 a5 19.Bd2 a4 20.Na5 Qc7 21.Qb4 Rfc8 22.exf6 Bxf6 23.Re1 Nf8 24.Qxa4 Bd8 25.Bh3
Qa7 26.Rxe6 Bxa5 0-1

[Event "Vienna Chess Open 2015 Group A"]
[Site "Grosser Festsaal im Wiener Rathaus, 1010 Wien"]
[Date "2015.08.22"]
[Round "8"]
[Board "16"]
[White "Wukits, Rene"]
[Black "Ruck, Robert"]
[Result "0-1"]
[WhiteElo "2321"]
[BlackElo "2552"]
[PlyCount "168"]
[EventDate "2015.08.15"]
[EventRounds "9"]
[EventCountry "AUT"]

1.d4 Nf6 2.Nf3 e6 3.e3 c5 4.c4 d5 5.Nc3 a6 6.a3 dxc4 7.Bxc4 b5 8.Bd3 Bb7 9.O-O Nbd7
10.Qe2 Be7 11.Rd1 Qc7 12.Bd2 Rd8 13.Rac1 Qb8 14.Ng5 Qa8 15.f3 O-O 16.dxc5 Nxc5 17.Bc2
h6 18.Nh3 Qb8 19.Be1 Bd6 20.g3 Be5 21.Nf4 Rxd1 22.Rxd1 Rc8 23.Nd3 Nxd3 24.Rxd3 Nd5
25.f4 Bxc3 26.Bxc3 Nxc3 27.Rxc3 Rxc3 28.bxc3 Qc7 29.Qd3 f5 30.Qd4 Qc6 31.e4 fxe4 32.Kf2
Kf7 33.Ke3 Qc7 34.Bxe4 Bxe4 35.Kxe4 Qe7 36.a4 Qb7+ 37.Ke3 a5 38.g4 bxa4 39.Qxa4 Qc7
40.c4 Qc5+ 41.Kd3 Ke7 42.Qa1 Qd6+ 43.Ke3 Qb6+ 44.Ke4 Qb7+ 45.Ke3 Qb3+ 46.Kd2 Qb4+
47.Kd3 Kf7 48.Qd4 Qb3+ 49.Kd2 Qb7 50.h3 Ke8 51.Qe5 Qg2+ 52.Ke1 Qg1+ 53.Ke2 Qg2+ 54.Ke1
Kf7 55.Qc7+ Kg6 56.Qe5 Qg1+ 57.Ke2 Qg2+ 58.Ke1 Qc6 59.Qxa5 Qe4+ 60.Kd1 Qxc4 61.Qh5+
Kh7 62.Qf7 Qd3+ 63.Ke1 Qxh3 64.f5 Qg3+ 65.Kd2 Qf4+ 66.Kd3 exf5 67.gxf5 Qe5 68.Kd2
Qf6 69.Qd7 h5 70.Ke2 Qg5 71.Kf2 h4 72.Qd3 Kh6 73.Qe4 Qg3+ 74.Kf1 Kg5 75.Qe7+ Kxf5
76.Qf7+ Ke4 77.Qc4+ Ke5 78.Qc7+ Kf6 79.Qc6+ Kf7 80.Qd7+ Kg6 81.Qe6+ Kh7 82.Qe4+ Kh6
83.Qe6+ Qg6 84.Qe3+ Qg5 0-1

[Event "Vienna Chess Open 2015 Group A"]
[Site "Grosser Festsaal im Wiener Rathaus, 1010 Wien"]
[Date "2015.08.22"]
[Round "8"]
[Board "17"]
[White "Neckar, Lubomir"]
[Black "Kurajica, Bojan"]
[Result "0-1"]
[WhiteElo "2319"]
[BlackElo "2513"]
[PlyCount "50"]
[EventDate "2015.08.15"]
[EventRounds "9"]
[EventCountry "AUT"]

1.Nf3 e6 2.g3 b5 3.Bg2 Bb7 4.b3 c5 5.Bb2 Nf6 6.c4 a6 7.O-O Be7 8.e3 Qb6 9.Nc3 d5 10.Qe2
dxc4 11.bxc4 b4 12.Nd1 O-O 13.d3 Nfd7 14.e4 Nc6 15.h4 Rad8 16.h5 h6 17.e5 Qc7 18.Ne3
Nb6 19.a4 Na5 20.Ng4 Nb3 21.Ra2 Rfe8 22.Rd1 Bc6 23.Qe3 Nxc4 24.dxc4 Rxd1+ 25.Kh2 Qd8 0-1

[Event "Vienna Chess Open 2015 Group A"]
[Site "Grosser Festsaal im Wiener Rathaus, 1010 Wien"]
[Date "2015.08.22"]
[Round "8"]
[Board "18"]
[White "Mihajlov, Sebastian"]
[Black "Kuzmicz, Krystian"]
[Result "1/2-1/2"]
[WhiteElo "2309"]
[BlackElo "2486"]
[PlyCount "63"]
[EventDate "2015.08.15"]
[EventRounds "9"]
[EventCountry "AUT"]

1.d4 Nf6 2.Nf3 c5 3.c3 b6 4.g3 Bb7 5.Bg2 e6 6.O-O Be7 7.Re1 O-O 8.Nbd2 d5 9.Ne5 Nc6
10.Ndf3 Nd7 11.Bf4 Rc8 12.Nxc6 Bxc6 13.Qd2 Bb7 14.Rac1 b5 15.Ne5 Nb6 16.dxc5 Bxc5
17.e4 dxe4 18.Bxe4 Qxd2 19.Bxd2 Bxe4 20.Rxe4 Rfd8 21.Re2 f6 22.Ng4 Nc4 23.Rc2 h5 24.Ne3
Ne5 25.Kg2 g5 26.Nf1 Rd5 27.f4 gxf4 28.Bxf4 Bd6 29.Rcd2 Nd3 30.Be3 Bb8 31.Bd4 Ne5
32.Ne3 1/2-1/2

[Event "Vienna Chess Open 2015 Group A"]
[Site "Grosser Festsaal im Wiener Rathaus, 1010 Wien"]
[Date "2015.08.22"]
[Round "8"]
[Board "19"]
[White "Diermair, Andreas"]
[Black "Kummer, Helmut"]
[Result "1-0"]
[WhiteElo "2485"]
[BlackElo "2295"]
[PlyCount "97"]
[EventDate "2015.08.15"]
[EventRounds "9"]
[EventCountry "AUT"]

1.e4 e5 2.Nf3 Nc6 3.Bc4 Bc5 4.c3 Nf6 5.d4 exd4 6.e5 d5 7.Be2 Ne4 8.cxd4 Bb4+ 9.Nbd2
O-O 10.O-O Bf5 11.Nb3 a5 12.Be3 a4 13.a3 Be7 14.Nc1 Bd7 15.Nd3 Na5 16.Qc2 Nb3 17.Rad1
Bb5 18.Nfe1 c6 19.Nc1 Bxe2 20.Qxe2 Nxc1 21.Rxc1 f5 22.Nd3 Ng5 23.Bxg5 Bxg5 24.f4 Be7
25.Kh1 Qc8 26.Rg1 Qe6 27.Rc3 Ra5 28.Qc2 g6 29.h3 h5 30.Re1 Kg7 31.Nc5 Bxc5 32.Rxc5
Ra7 33.Qc3 Qe7 34.Qb4 Re8 35.Rec1 Qd8 36.R1c3 Re7 37.Rg3 Re6 38.Rg5 Qc7 39.g4 hxg4
40.hxg4 Ra8 41.gxf5 Rh8+ 42.Kg2 Kg8 43.Ra5 c5 44.Rxc5 Rc6 45.Rxc6 bxc6 46.Rxg6+ Kf7
47.e6+ Ke8 48.f6 Qxf4 49.Qe7# 1-0

[Event "Vienna Chess Open 2015 Group A"]
[Site "Grosser Festsaal im Wiener Rathaus, 1010 Wien"]
[Date "2015.08.22"]
[Round "8"]
[Board "20"]
[White "Trkulja, Goran"]
[Black "Schreiner, Peter"]
[Result "1-0"]
[WhiteElo "2304"]
[BlackElo "2439"]
[PlyCount "61"]
[EventDate "2015.08.15"]
[EventRounds "9"]
[EventCountry "AUT"]

1.d4 Nf6 2.Bg5 d5 3.Nd2 c5 4.Bxf6 gxf6 5.c3 cxd4 6.cxd4 Qb6 7.Qc2 Nc6 8.e3 e5 9.Ngf3
exd4 10.Nxd4 Nxd4 11.exd4 Qxd4 12.Bb5+ Kd8 13.O-O Be6 14.Nb3 Qb4 15.Be2 Rc8 16.Qd3
Qe4 17.Qd1 Bd6 18.Bf3 Qe5 19.g3 Rc4 20.Re1 Qf5 21.Bg2 Rc2 22.Re2 Rxe2 23.Qxe2 Re8
24.Qb5 Re7 25.Nd4 Qe5 26.Qa5+ Ke8 27.Qxa7 Kf8 28.Qb6 Bg4 29.h3 Bh5 30.Rc1 Kg7 31.Qxd6 1-0

[Event "Vienna Chess Open 2015 Group A"]
[Site "Grosser Festsaal im Wiener Rathaus, 1010 Wien"]
[Date "2015.08.22"]
[Round "8"]
[Board "21"]
[White "Kilgus, Georg"]
[Black "Zamengo, Fulvio"]
[Result "1/2-1/2"]
[WhiteElo "2421"]
[BlackElo "2298"]
[PlyCount "45"]
[EventDate "2015.08.15"]
[EventRounds "9"]
[EventCountry "AUT"]

1.Nf3 Nf6 2.g3 g6 3.Bg2 Bg7 4.c4 O-O 5.d4 d5 6.O-O dxc4 7.Na3 c3 8.bxc3 c5 9.Re1 Nc6
10.e4 cxd4 11.cxd4 Bg4 12.Bb2 e5 13.d5 Nd4 14.Qd3 Bxf3 15.Bxf3 Rc8 16.Bg2 Nd7 17.f4
Qa5 18.Bxd4 exd4 19.Nc4 Qa6 20.Bf1 Nc5 21.Qa3 d3 22.Qxa6 Nxa6 23.Ne5 1/2-1/2

[Event "Vienna Chess Open 2015 Group A"]
[Site "Grosser Festsaal im Wiener Rathaus, 1010 Wien"]
[Date "2015.08.22"]
[Round "8"]
[Board "23"]
[White "Umudova, Nargiz"]
[Black "Christiansen, Johan-Sebastian"]
[Result "1/2-1/2"]
[WhiteElo "2289"]
[BlackElo "2416"]
[PlyCount "105"]
[EventDate "2015.08.15"]
[EventRounds "9"]
[EventCountry "AUT"]

1.e4 c5 2.Nf3 d6 3.Bb5+ Nd7 4.d4 cxd4 5.Qxd4 a6 6.Bxd7+ Bxd7 7.O-O Rc8 8.Bg5 h6 9.Bh4
Rxc2 10.Nc3 Rxb2 11.Rab1 Rxb1 12.Rxb1 Bc6 13.Qa7 Qc8 14.Nd4 f6 15.Nd5 Kf7 16.Nxc6
bxc6 17.Nc7 Qd7 18.f3 h5 19.Rb7 g5 20.Bf2 Nh6 21.Qxa6 Kg6 22.a4 Nf7 23.a5 Nd8 24.Ra7
c5 25.Qd3 Nc6 26.Qb5 Bg7 27.Rb7 Rc8 28.Nd5 Qd8 29.a6 e6 30.Nb6 Rc7 31.Nc4 d5 32.Na5
Nb4 33.a7 Rc8 34.Rb8 Na6 35.Qxa6 Rxb8 36.axb8=Q Qxb8 37.Qd3 c4 38.Qc2 f5 39.exf5+
exf5 40.Nc6 Qb3 41.Ne7+ Kf7 42.Qxf5+ Bf6 43.Qxd5+ Ke8 44.Qg8+ Kd7 45.Qc8+ Kxe7 46.Bc5+
Kf7 47.Qd7+ Kg6 48.Qe8+ Kh7 49.Qf7+ Bg7 50.Qxh5+ Kg8 51.Qe8+ Kh7 52.Qh5+ Kg8 53.Qe8+ 1/2-1/2

[Event "Vienna Chess Open 2015 Group A"]
[Site "Grosser Festsaal im Wiener Rathaus, 1010 Wien"]
[Date "2015.08.22"]
[Round "8"]
[Board "24"]
[White "Hauge, Lars Oskar"]
[Black "Bressac, Stephane"]
[Result "1-0"]
[WhiteElo "2411"]
[BlackElo "2286"]
[PlyCount "73"]
[EventDate "2015.08.15"]
[EventRounds "9"]
[EventCountry "AUT"]

1.e4 c5 2.Nc3 Nc6 3.f4 g6 4.Nf3 Bg7 5.Bb5 Nf6 6.Bxc6 dxc6 7.O-O O-O 8.d3 Bg4 9.Qe1
Bxf3 10.Rxf3 c4 11.Rh3 cxd3 12.cxd3 Qd4+ 13.Be3 Qxd3 14.Qh4 h5 15.Bc5 Qc4 16.Bxe7
Qd4+ 17.Kh1 Ng4 18.Rf3 Rfe8 19.h3 Nf2+ 20.Rxf2 Rxe7 21.Rd1 Qb4 22.a3 Qb6 23.e5 Ree8
24.Rfd2 Qe3 25.Rd3 Qb6 26.R3d2 Qe3 27.Rd3 Qb6 28.R1d2 Qc5 29.Rd7 Qc4 30.Qg5 b6 31.Kh2
h4 32.R7d4 Qf1 33.Qxh4 f6 34.Rd7 Rf8 35.Rxg7+ Kxg7 36.Rd7+ Rf7 37.Qxf6+ 1-0

[Event "Vienna Chess Open 2015 Group A"]
[Site "Grosser Festsaal im Wiener Rathaus, 1010 Wien"]
[Date "2015.08.22"]
[Round "8"]
[Board "25"]
[White "Beshukov, Sergey"]
[Black "Huber, Martin Christian"]
[Result "1/2-1/2"]
[WhiteElo "2382"]
[BlackElo "2276"]
[PlyCount "97"]
[EventDate "2015.08.15"]
[EventRounds "9"]
[EventCountry "AUT"]

1.c4 g6 2.Nc3 c5 3.d4 cxd4 4.Qxd4 Nf6 5.g3 Nc6 6.Qd2 Bg7 7.Bg2 O-O 8.Nh3 Na5 9.c5
Nc6 10.O-O Qa5 11.Qe3 h5 12.Qg5 e5 13.Be3 Ng4 14.Ne4 Bh6 15.Qh4 Nxe3 16.Nf6+ Kg7 17.fxe3
Bxe3+ 18.Kh1 Qd8 19.Ng5 d6 20.cxd6 Qxd6 21.Nge4 Qe7 22.Rad1 Rh8 23.Rf3 Bd4 24.e3 Bb6
25.Rd6 Bg4 26.Rf1 Bxe3 27.Rd3 Bd4 28.Bf3 Bf5 29.Qg5 Rad8 30.Bg2 Be6 31.b3 Bb6 32.Rdf3
Bc7 33.R3f2 Bb6 34.Rf3 Bc7 35.R3f2 Rdf8 36.Rc2 Rd8 37.Rcf2 Bd6 38.Nxd6 Qxd6 39.Be4
b6 40.Bxc6 Qxc6+ 41.Kg1 Qc7 42.Rc1 Qd6 43.Ne4 Qd4 44.Qf6+ Kh6 45.Re1 Bf5 46.Ng5 Be6
47.Rxe5 Qd1+ 48.Rf1 Qd4+ 49.Rf2 1/2-1/2

[Event "Vienna Chess Open 2015 Group A"]
[Site "Grosser Festsaal im Wiener Rathaus, 1010 Wien"]
[Date "2015.08.22"]
[Round "8"]
[Board "26"]
[White "Guido, Flavio"]
[Black "Neumeier, Klaus"]
[Result "1/2-1/2"]
[WhiteElo "2367"]
[BlackElo "2260"]
[PlyCount "125"]
[EventDate "2015.08.15"]
[EventRounds "9"]
[EventCountry "AUT"]

1.e4 c5 2.c3 Nf6 3.e5 Nd5 4.d4 cxd4 5.Nf3 Nc6 6.Bc4 Nb6 7.Bb3 g6 8.Ng5 d5 9.exd6 e6
10.Qf3 f6 11.Nxe6 Bxe6 12.Bxe6 Bxd6 13.Qh3 f5 14.O-O Qf6 15.Re1 Be5 16.Bb3 O-O-O 17.Nd2
dxc3 18.Ne4 Qg7 19.Bh6 cxb2 20.Bxg7 bxa1=Q 21.Rxa1 Bxg7 22.Re1 Nd4 23.Kf1 Kb8 24.Nc5
Bf8 25.Ne6 Nxe6 26.Rxe6 Bc5 27.Qc3 Rc8 28.h4 Ka8 29.Qf3 Rhd8 30.h5 Rd2 31.Re2 Rcd8
32.Rxd2 Rxd2 33.Qc3 Rxf2+ 34.Ke1 Nd7 35.Be6 Rf4 36.Qh8+ Nb8 37.Bd5 Rd4 38.Qg8 gxh5
39.Qf7 Rb4 40.Qxf5 h4 41.Qxh7 Bd6 42.Ke2 Bg3 43.Kd3 a6 44.Qe7 Rb5 45.Ke4 Rb6 46.Kf5
Nc6 47.Qf8+ Nb8 48.Qc8 Bf2 49.Qc7 Nc6 50.Kg4 Rb4+ 51.Kf5 Rb6 52.a3 Ka7 53.Qf4 Ne7+
54.Ke4 Bg3 55.Qe3 Nxd5 56.Kxd5 a5 57.a4 Ka6 58.Qd3+ Ka7 59.Qd4 Ka6 60.Qc4+ Ka7 61.Qc5
Ka6 62.Qc4+ Ka7 63.Qc5 1/2-1/2

[Event "Vienna Chess Open 2015 Group A"]
[Site "Grosser Festsaal im Wiener Rathaus, 1010 Wien"]
[Date "2015.08.22"]
[Round "8"]
[Board "27"]
[White "Jackson, James"]
[Black "Matt, Fabian"]
[Result "1-0"]
[WhiteElo "2367"]
[BlackElo "2258"]
[PlyCount "51"]
[EventDate "2015.08.15"]
[EventRounds "9"]
[EventCountry "AUT"]

1.e4 c5 2.c3 Nf6 3.e5 Nd5 4.Nf3 d6 5.exd6 Qxd6 6.d4 Nc6 7.c4 Nf6 8.d5 Ne5 9.Nc3 a6
10.Nxe5 Qxe5+ 11.Be2 e6 12.O-O Bd7 13.g3 O-O-O 14.Bf4 Qf5 15.Re1 h5 16.Bd3 Qh3 17.Bf1
Qg4 18.f3 Qf5 19.Bd3 Qh3 20.Re5 Ng4 21.fxg4 hxg4 22.Re2 g5 23.Be5 Rh6 24.Qf1 Qh5 25.Ne4
f5 26.Nf6 1-0

[Event "Vienna Chess Open 2015 Group A"]
[Site "Grosser Festsaal im Wiener Rathaus, 1010 Wien"]
[Date "2015.08.22"]
[Round "8"]
[Board "28"]
[White "Kessler, Luca"]
[Black "Kniest, Oliver"]
[Result "1/2-1/2"]
[WhiteElo "2364"]
[BlackElo "2252"]
[PlyCount "169"]
[EventDate "2015.08.15"]
[EventRounds "9"]
[EventCountry "AUT"]

1.e4 e6 2.d4 d5 3.Nd2 c5 4.exd5 Qxd5 5.Ngf3 cxd4 6.Bc4 Qd6 7.O-O Nc6 8.Ne4 Qd8 9.Qe2
Nf6 10.Nxf6+ gxf6 11.Rd1 Bd6 12.Bb5 Bd7 13.Nxd4 Nxd4 14.Rxd4 Bxb5 15.Qxb5+ Qd7 16.Qxd7+
Kxd7 17.Be3 Rad8 18.Rad1 Kc7 19.c3 a6 20.Kf1 Be7 21.Ke2 Rxd4 22.Rxd4 Rg8 23.Kf3 e5
24.Rh4 Rg7 25.Rh5 Kd7 26.g4 Ke6 27.h3 Kd5 28.Ke2 Bd8 29.Kd3 Be7 30.f3 Bd8 31.c4+ Ke6
32.Ke4 Bc7 33.Rh6 Bd6 34.f4 exf4 35.Bd4 Rg6 36.Rxh7 Be5 37.Rh5 Bc7 38.b4 Rg5 39.a4
Rg8 40.Rh6 Rg6 41.Rh8 Ke7 42.b5 axb5 43.axb5 b6 44.c5 bxc5 45.Bxc5+ Kd7 46.b6 Bxb6
47.Bxb6 f5+ 48.Kxf5 Rxb6 49.Kxf4 Rb5 50.Ra8 f6 51.h4 Ke7 52.h5 Kf7 53.Ra7+ Kg8 54.Re7
Ra5 55.Rd7 Rb5 56.Ke4 Re5+ 57.Kf4 Rb5 58.Kg3 Ra5 59.Kh4 Rb5 60.Ra7 Rc5 61.Ra4 Kg7
62.Rf4 Ra5 63.Rd4 Rb5 64.Rd7+ Kg8 65.h6 Ra5 66.Rg7+ Kf8 67.Rg6 Kf7 68.h7 Ra8 69.Kh5
Ra1 70.h8=N+ Kf8 71.Rxf6+ Kg7 72.Rf7+ Kxh8 73.g5 Kg8 74.Kg6 Ra6+ 75.Rf6 Ra8 76.Rb6
Rc8 77.Kh6 Ra8 78.Rg6+ Kh8 79.Rd6 Kg8 80.Rd7 Rb8 81.Rg7+ Kh8 82.Re7 Kg8 83.g6 Ra8
84.Rg7+ Kh8 85.Rb7 1/2-1/2